[Event "Bampada Balasore op 2nd"]
[Site "Bampada"]
[Date "2017.05.09"]
[Round "8"]
[White "Nath, Rupankar"]
[Black "Baivab, Mishra"]
[Result "1/2-1/2"]
[WhiteElo "2069"]
[BlackElo "2068"]
[PlyCount "89"]
[EventDate "2017.05.05"]
[EventType "swiss"]
[EventRounds "9"]
[EventCountry "IND"]
[SourceTitle "CBM 178 Extra"]
[Source "ChessBase"]
[SourceDate "2017.06.22"]
[SourceVersion "1"]
[SourceVersionDate "2017.06.22"]
[SourceQuality "1"]

1. d4 d5 2. Nf3 c6 3. c4 Nf6 4. cxd5 cxd5 5. Nc3 Nc6 6. Bf4 a6 7. e3 Bf5 8. Ne5 Qb6 9. a3 e6 10. Nxc6 bxc6 11. Na4 Qb7 12. Be2 a5 13. h4 h6 14. f3 Nd7 15. Rc1 Be7 16. Kf2 h5 17. Rc3 0-0 18. Bd3 Bxd3 19. Qxd3 Rfc8 20. Qc2 Ra6 21. Kg3 c5 22. Nxc5 Bxc5 23. Kh3 Rac6 24. Rc1 Qb5 25. Bg3 a4 26. Be1 Nb6 27. Rxc5 Rxc5 28. dxc5 Nc4 29. e4 Rxc5 30. exd5 exd5 31. Bb4 Qd7+ 32. Kh2 Rc8 33. Qd3 Qe6 34. Qd4 Re8 35. Rd1 Qe5+ 36. Qxe5 Rxe5 37. Bc3 Rf5 38. Re1 Kf8 39. Bb4+ Kg8 40. Re8+ Kh7 41. Bc3 d4 42. Bxd4 Rf4 43. Re4 Rxe4 44. fxe4 Nd6 45. e5 1/2-1/2

[Event "Bampada Balasore op 2nd"]
[Site "Bampada"]
[Date "2017.05.05"]
[Round "1"]
[White "Rasmita, Kumari Patro"]
[Black "Nath, Rupankar"]
[Result "0-1"]
[WhiteElo "1068"]
[BlackElo "2069"]
[PlyCount "46"]
[EventDate "2017.05.05"]
[EventType "swiss"]
[EventRounds "9"]
[EventCountry "IND"]
[SourceTitle "CBM 178 Extra"]
[Source "ChessBase"]
[SourceDate "2017.06.22"]
[SourceVersion "1"]
[SourceVersionDate "2017.06.22"]
[SourceQuality "1"]

1. e4 e6 2. Nf3 d5 3. e5 c5 4. c3 Nc6 5. d4 Qb6 6. b3 Bd7 7. Be2 cxd4 8. cxd4 f6 9. Bb2 Bb4+ 10. Nbd2 fxe5 11. Nxe5 Nxe5 12. dxe5 Nh6 13. 0-0 0-0 14. Kh1 Rxf2 15. h3 Nf5 16. Rxf2 Qxf2 17. Nf1 Bc5 18. Nd2 Ng3+ 19. Kh2 Nxe2 20. Nf3 Rf8 21. Qd3 Qxg2+ 22. Kxg2 Nf4+ 23. Kg3 Nxd3 0-1

[Event "New Delhi Parsvnath op 13th"]
[Site "New Delhi"]
[Date "2015.01.14"]
[Round "8"]
[White "Kulkarni, Vikramaditya"]
[Black "Nath, Rupankar"]
[Result "1-0"]
[WhiteElo "2354"]
[BlackElo "2077"]
[PlyCount "131"]
[EventDate "2015.01.09"]
[EventType "tourn"]
[EventRounds "10"]
[EventCountry "IND"]
[SourceTitle "CBM 164 Extra"]
[Source "ChessBase"]
[SourceDate "2015.03.02"]
[SourceVersion "1"]
[SourceVersionDate "2015.03.02"]
[SourceQuality "1"]

1. d4 d5 2. c4 c6 3. Nf3 e6 4. e3 Nf6 5. b3 Nbd7 6. Bb2 Be7 7. Bd3 0-0 8. 0-0 b6 9. Ne5 Nxe5 10. dxe5 Nd7 11. Qc2 h6 12. f4 Bb7 13. Nc3 f5 14. exf6 Nxf6 15. Qe2 Bd6 16. e4 d4 17. e5 dxc3 18. Bxc3 Bc5+ 19. Kh1 Ng4 20. Rad1 Ne3 21. b4 Nxd1 22. Rxd1 Be7 23. Qe4 Rf5 24. g4 Qc7 25. c5 bxc5 26. bxc5 Bxc5 27. gxf5 Bd4 28. Rb1 Bb6 29. Qc4 c5+ 30. Be4 Rf8 31. f6 gxf6 32. exf6 Bxe4+ 33. Qxe4 Rf7 34. Rg1+ Kf8 35. Rg7 Qd7 36. Rxf7+ Qxf7 37. Qa8+ Qe8 38. Qb7 Qf7 39. Qc6 Qe8 40. Qd6+ Kg8 41. h3 Qf7 42. Be5 Kh7 43. Kh2 h5 44. Qd3+ Kh6 45. Qd2 Kh7 46. Qd3+ Kh6 47. Qd2 Kh7 48. Qg2 c4 49. Qe4+ Kh6 50. Qxc4 Qg6 51. Qc1 Qf5 52. Qc8 Qg6 53. Qh8+ Qh7 54. Qf8+ Kg6 55. Qc8 Qf7 56. Qc2+ Kh6 57. Qc8 Kg6 58. Kg3 h4+ 59. Kf3 a5 60. Qa8 Kh7 61. Qe4+ Kh6 62. Qd3 Qb7+ 63. Qe4 Qa6 64. Kg2 Qc8 65. f5 Qg8+ 66. Kf3 1-0

[Event "IND-chT 33rd"]
[Site "Hyderabad"]
[Date "2013.02.23"]
[Round "5.4"]
[White "Nath, Rupankar"]
[Black "Deshmukh, Anup"]
[Result "1/2-1/2"]
[WhiteElo "2089"]
[BlackElo "2231"]
[PlyCount "52"]
[EventDate "2013.02.20"]
[EventType "team-swiss"]
[EventRounds "9"]
[EventCountry "IND"]
[SourceTitle "CBM 153 Extra"]
[Source "ChessBase"]
[SourceDate "2013.04.22"]
[SourceVersion "1"]
[SourceVersionDate "2013.04.22"]
[SourceQuality "1"]
[WhiteTeam "West Bengal"]
[BlackTeam "LIC of India"]
[WhiteTeamCountry "IND"]
[BlackTeamCountry "IND"]

1. d4 g6 2. Nf3 Bg7 3. e4 d6 4. c4 Nf6 5. Nc3 0-0 6. Be2 e5 7. 0-0 Nc6 8. d5 Ne7 9. Ne1 Ne8 10. Nd3 f5 11. Bd2 h6 12. a3 Kh7 13. b4 fxe4 14. Nxe4 c6 15. dxc6 bxc6 16. Rc1 d5 17. cxd5 cxd5 18. Nec5 Nd6 19. f3 Nef5 20. Nf2 Qe7 21. Bd3 Nh4 22. Qb3 Qf7 23. Na6 Nc4 24. Rxc4 dxc4 25. Bxc4 Qd7 26. Rd1 Bxa6 1/2-1/2

[Event "IND-chT 32nd"]
[Site "Panaji"]
[Date "2012.02.28"]
[Round "2"]
[White "Thejkumar, MS."]
[Black "Nath, Rupankar"]
[Result "1-0"]
[WhiteElo "2455"]
[BlackElo "2048"]
[PlyCount "61"]
[EventDate "2012.02.27"]
[EventType "team-swiss"]
[EventRounds "9"]
[EventCountry "IND"]
[SourceTitle "CBM 147 Extra"]
[Source "ChessBase"]
[SourceDate "2012.04.24"]
[SourceVersion "1"]
[SourceVersionDate "2012.04.24"]
[SourceQuality "1"]
[WhiteTeam "Railway Sports"]
[BlackTeam "West Bengal"]
[WhiteTeamCountry "IND"]
[BlackTeamCountry "IND"]

1. d4 d5 2. c4 c6 3. Nc3 dxc4 4. Nf3 Nf6 5. g3 Bf5 6. Bg2 e6 7. Ne5 Nbd7 8. Nxc4 Nb6 9. Ne5 Be7 10. e4 Bg6 11. 0-0 0-0 12. Be3 Nfd7 13. Nxg6 hxg6 14. Qe2 Qc7 15. Rac1 Bf6 16. h4 Rac8 17. h5 gxh5 18. e5 Be7 19. Qxh5 Rfe8 20. Be4 f5 21. Bf3 Nf8 22. Kg2 g6 23. Qh6 Bb4 24. Rh1 Qg7 25. Qh3 Nd5 26. Bh6 Qh7 27. g4 Bxc3 28. bxc3 g5 29. Bxg5 Qxh3+ 30. Rxh3 Ng6 31. Rh6 1-0

[Event "New Delhi Parsvnath op 8th"]
[Site "New Delhi"]
[Date "2010.01.19"]
[Round "8"]
[White "Nath, Rupankar"]
[Black "Zubarev, Alexander2"]
[Result "0-1"]
[WhiteElo "2243"]
[BlackElo "2544"]
[PlyCount "86"]
[EventDate "2010.01.14"]
[EventType "swiss"]
[EventRounds "11"]
[EventCountry "IND"]
[SourceTitle "CBM 134 Extra"]
[Source "ChessBase"]
[SourceDate "2010.03.03"]
[SourceVersion "1"]
[SourceVersionDate "2010.03.03"]
[SourceQuality "1"]

1. d4 Nf6 2. Nf3 e6 3. Bg5 h6 4. Bh4 d6 5. e3 g5 6. Bg3 Nh5 7. Nfd2 Nxg3 8. hxg3 Bg7 9. Bd3 c5 10. c3 Nc6 11. Ne4 Qe7 12. dxc5 dxc5 13. Bb5 0-0 14. Qd6 Rd8 15. Qxe7 Nxe7 16. Be2 b6 17. Bf3 Rb8 18. g4 Ng6 19. Nbd2 Ne5 20. Be2 Bb7 21. 0-0-0 Rd7 22. f3 Rbd8 23. Nf2 Bc6 24. Nde4 Kf8 25. Rxd7 Nxd7 26. Rd1 Ke7 27. Kc2 b5 28. Nd6 c4 29. Nde4 Rb8 30. Rd6 Rc8 31. a3 Nb6 32. Rd2 Nd5 33. Nd1 a5 34. Ng3 b4 35. e4 Ba4+ 36. Kc1 bxa3 37. Kb1 Nb6 38. bxa3 Bb3 39. Bf1 Na4 40. Ne2 Rb8 41. Kc1 Rb6 42. g3 Be5 43. f4 Bd6 0-1

[Event "New Delhi Parsvnath op 6th"]
[Site "New Delhi"]
[Date "2008.01.16"]
[Round "6"]
[White "Nath, Rupankar"]
[Black "Karthikeyan, Pandian"]
[Result "0-1"]
[WhiteElo "2144"]
[BlackElo "2327"]
[PlyCount "132"]
[EventDate "2008.01.13"]
[EventType "swiss"]
[EventRounds "10"]
[EventCountry "IND"]
[SourceTitle "CBM 122 Extra"]
[Source "ChessBase"]
[SourceDate "2008.03.04"]
[SourceVersion "1"]
[SourceVersionDate "2008.03.04"]
[SourceQuality "1"]

1. d4 Nf6 2. c4 e6 3. a3 c5 4. Nf3 cxd4 5. Nxd4 a6 6. g3 d5 7. Bg2 e5 8. Nc2 d4 9. f4 Bd6 10. 0-0 0-0 11. b4 Qe7 12. Nd2 exf4 13. gxf4 a5 14. c5 Bc7 15. Nb3 axb4 16. axb4 Rxa1 17. Ncxa1 Rd8 18. Nxd4 Nd5 19. Nac2 b6 20. Bxd5 Rxd5 21. Nc6 Nxc6 22. Qxd5 Qf6 23. b5 Ne7 24. Qg5 Qe6 25. c6 h6 26. Qg2 Qc4 27. Na3 Qc5+ 28. Qf2 Qd5 29. Qf3 Qd6 30. e4 Qc5+ 31. Qe3 Qh5 32. Nc4 Qxb5 33. Ne5 Bxe5 34. fxe5 Qxc6 35. Ba3 Ng6 36. Rc1 Qe6 37. Bd6 Bb7 38. Qf3 Nxe5 39. Bxe5 Qxe5 40. Re1 Bc8 41. Qg3 Qc5+ 42. Qf2 Qb4 43. Rd1 Be6 44. Qd4 Qb3 45. Qd3 Qa4 46. Qd4 Qa5 47. Qd2 Qe5 48. Qe3 b5 49. Re1 b4 50. Qg3 Qc5+ 51. Qf2 Qb5 52. Qe2 Qe5 53. Qe3 b3 54. Rb1 Qb5 55. Rb2 Qe5 56. Rb1 Kh7 57. Qe2 Qd4+ 58. Kg2 Kg8 59. Rb2 Qc3 60. Qd2 Qh3+ 61. Kg1 Qg4+ 62. Qg2 Qd1+ 63. Kf2 Qc1 64. Kg3 Qc3+ 65. Kh4 g5+ 66. Kh5 Qf6 0-1

[Event "IND-chB 45th"]
[Site "Dindigul"]
[Date "2007.06.12"]
[Round "2"]
[White "Nath, Rupankar"]
[Black "Girinath, PDS"]
[Result "1/2-1/2"]
[WhiteElo "2193"]
[BlackElo "2378"]
[PlyCount "133"]
[EventDate "2007.06.11"]
[EventType "swiss"]
[EventRounds "12"]
[EventCountry "IND"]
[SourceTitle "CBM 119 Extra"]
[Source "ChessBase"]
[SourceDate "2007.09.04"]
[SourceVersion "1"]
[SourceVersionDate "2007.09.04"]
[SourceQuality "1"]

1. Nf3 Nf6 2. d4 g6 3. c4 Bg7 4. Nc3 0-0 5. e4 d6 6. Be2 e5 7. 0-0 Nbd7 8. d5 Nc5 9. Qc2 a5 10. Be3 b6 11. Nd2 Nfd7 12. Bg4 Kh8 13. f3 Bf6 14. Nb5 Ba6 15. a3 a4 16. Bxd7 Qxd7 17. Nc3 Bc8 18. b4 axb3 19. Nxb3 Na4 20. Rfb1 Nxc3 21. Qxc3 Bg7 22. Qc2 f5 23. a4 f4 24. Bf2 g5 25. h3 h5 26. a5 bxa5 27. Rxa5 Rxa5 28. Nxa5 Bh6 29. Nc6 Rg8 30. Kf1 g4 31. hxg4 hxg4 32. Ke2 gxf3+ 33. gxf3 Qh3 34. Rg1 Rxg1 35. Bxg1 Bg5 36. Qb1 Bh4 37. Qf1 Qxf1+ 38. Kxf1 Ba6 39. Na5 Bd8 40. Nc6 Bxc4+ 41. Kg2 Bf6 42. Ba7 Bb5 43. Na5 Kg7 44. Bb8 Be7 45. Bxc7 Ba6 46. Kh3 Bc8+ 47. Kg2 Ba6 48. Nc6 Bf8 49. Nd8 Bc8 50. Nc6 Kf7 51. Ba5 Ke8 52. Bb4 Kd7 53. Nxe5+ dxe5 54. Bxf8 Kc7 55. Ba3 Bd7 56. Kh2 Bc8 57. Bc5 Bd7 58. Bb4 Bc8 59. Ba5+ Kd6 60. Bb6 Bb7 61. Kh3 Bxd5 62. exd5 Kxd5 63. Kg4 e4 64. fxe4+ Kxe4 65. Ba7 f3 66. Bb6 f2 67. Bxf2 1/2-1/2